| 000 | 00663nam a2200265Ia 4500 | ||
|---|---|---|---|
| 008 | 170203s9999 xx 000 0 und d | ||
| 020 | _a1841350656 | ||
| 050 | _aFic | ||
| 050 | _b.B661m 2001 | ||
| 100 | _aBlyton, Enid | ||
| 245 | 4 | _aThe magic needle : | |
| 245 | _band other stories / | ||
| 245 | _c Enid Blyton; Val Biro | ||
| 260 | _aSingapore : | ||
| 260 | _bAward Publications Limited | ||
| 260 | _c2001 | ||
| 300 | _a190 pages; | ||
| 300 | _billustrations : | ||
| 300 | _c20 cm. | ||
| 650 | _aChildren's stories. | ||
| 650 | _aMagic -- | ||
| 650 | _aShort stories -- | ||
| 650 | _xJuvenile fiction. | ||
| 650 | _xJuvenile fiction. | ||
| 999 |
_c306196 _d306196 |
||